[Event "EU-chT (Women) 16th"]
[Site "Heraklion"]
[Date "2007.11.04"]
[Round "7"]
[White "Blazkova, Petra"]
[Black "Mira, Helene"]
[Result "1/2-1/2"]
[WhiteElo "2239"]
[BlackElo "2174"]
[PlyCount "74"]
[EventDate "2007.10.28"]
[EventType "team-tourn"]
[EventRounds "9"]
[EventCountry "GRE"]
[SourceTitle "EXT 2008"]
[Source "ChessBase"]
[SourceDate "2007.11.25"]
[SourceVersion "1"]
[SourceVersionDate "2007.11.25"]
[SourceQuality "1"]
[WhiteTeam "Czech Republic (W)"]
[BlackTeam "Austria (W)"]
[WhiteTeamCountry "CZE"]
[BlackTeamCountry "AUT"]

1. e4 g6 2. d4 Bg7 3. Nc3 d6 4. g3 Nd7 5. Bg2 e5 6. Nge2 c6 7. 0-0 Ngf6 8. a4 0-0 9. h3 b6 10. Be3 h6 11. Qd2 Kh7 12. Rad1 Qe7 13. b3 Bb7 14. g4 Rfe8 15. g5 hxg5 16. Bxg5 Qf8 17. dxe5 dxe5 18. Qe3 Nc5 19. f4 Ne6 20. f5 Nxg5 21. Qxg5 Rad8 22. fxg6+ fxg6 23. Rxd8 Rxd8 24. Qxe5 Re8 25. Qg5 Qe7 26. Nf4 Qc5+ 27. Qxc5 bxc5 28. Rd1 Re7 29. a5 Ba6 30. e5 Rxe5 31. Bxc6 Bh6 32. Ng2 c4 33. b4 Bf8 34. b5 Bc8 35. Rf1 Kg7 36. Nf4 Bf5 37. Kg2 Bxc2 1/2-1/2

[Event "EU-chT (Women) 16th"]
[Site "Heraklion"]
[Date "2007.11.03"]
[Round "6"]
[White "Puuska, Heini"]
[Black "Blazkova, Petra"]
[Result "1/2-1/2"]
[WhiteElo "2016"]
[BlackElo "2239"]
[PlyCount "51"]
[EventDate "2007.10.28"]
[EventType "team-tourn"]
[EventRounds "9"]
[EventCountry "GRE"]
[SourceTitle "EXT 2008"]
[Source "ChessBase"]
[SourceDate "2007.11.25"]
[SourceVersion "1"]
[SourceVersionDate "2007.11.25"]
[SourceQuality "1"]
[WhiteTeam "Finland (W)"]
[BlackTeam "Czech Republic (W)"]
[WhiteTeamCountry "FIN"]
[BlackTeamCountry "CZE"]

1. d4 Nf6 2. Nf3 e6 3. e3 b6 4. Bd3 Bb7 5. 0-0 Be7 6. Nbd2 c5 7. b3 0-0 8. c4 cxd4 9. Nxd4 Nc6 10. Bb2 d5 11. Nxc6 Bxc6 12. Qe2 dxc4 13. Bxc4 b5 14. Bd3 Qd5 15. e4 Qh5 16. f3 Rfd8 17. Rac1 Rac8 18. Rfd1 Nd7 19. Nf1 b4 20. Bd4 Bc5 21. Ba6 Bb5 22. Bxb5 Bxd4+ 23. Rxd4 Rxc1 24. Rxd7 Rxd7 25. Bxd7 Qc5+ 26. Qf2 1/2-1/2